Prácticas de Química Orgánica / (Record no. 71085)

MARC details
000 -LEADER
campo de control de longitud fija 00633nam a2200193 i 4500
001 - NÚMERO DE CONTROL
campo de control 71085
003 - IDENTIFICADOR DE NÚMERO DE CONTROL
campo de control ES-MaACL
005 - FECHA Y HORA DE LA ÚLTIMA TRANSACCIÓN
campo de control 20230906171020.0
007 - CAMPO FIJO DE DESCRIPCIÓN FÍSICA--INFORMACIÓN GENERAL
campo de control de longitud fija t|
008 - DATOS DE LONGITUD FIJA--INFORMACIÓN GENERAL
campo de control de longitud fija 040805s1927 sp ||||1| spa d
100 1# - ENTRADA PRINCIPAL--NOMBRE DE PERSONA
Nombre de persona Gattermann, L.
9 (RLIN) 55969
245 10 - MENCIÓN DEL TÍTULO
Título Prácticas de Química Orgánica /
Mención de responsabilidad, etc. L. Gattermann ; versión española por A. García Banús.
250 ## - MENCION DE EDICION
Mención de edición 20ª ed., corr. y aum.
Resto de la mención de edición por Enrique Wieland.
260 ## - PUBLICACIÓN, DISTRIBUCIÓN, ETC.
Lugar de publicación, distribución, etc. Barcelona :
Nombre del editor, distribuidor, etc. [s.n.,
Fecha de publicación, distribución, etc. 1927] (
Fabricante Clarasó)
300 ## - DESCRIPCIÓN FÍSICA
Extensión XVI, 416 p. ;
Dimensiones 24 cm.
700 1# - ENTRADA AGREGADA--NOMBRE PERSONAL
Nombre de persona García Banús, Antonio.
9 (RLIN) 54218
700 1# - ENTRADA AGREGADA--NOMBRE PERSONAL
Nombre de persona Wieland, Enrique.
9 (RLIN) 116763
852 ## - LOCALIZACIÓN
Ubicación ES-MaACL
Número de control de estantería F-15217
Sublocalización o colección R.18872
Holdings
Estatus retirado Estado de pérdida Estado de daño No para préstamo Biblioteca de origen Biblioteca actual Ubicación en estantería Fecha de adquisición Fuente de adquisición Total de préstamos Signatura topográfica completa Código de barras Visto por última vez Precio de reemplazo Tipo de ítem Koha
        Biblioteca del Ateneo de Madrid Biblioteca del Ateneo de Madrid Sala Pecera Planta 2 17/01/2008     F-15217 1074433 23/02/2023 23/02/2023 Libro impreso